000 00602nam a22002537a 4500
999 _c317470
_d317470
001 31049
003 UA-OsUOA
005 20200422192344.0
007 ta
008 20041125b un ||||| |||| 00| 0 ukr d
020 _a5272000285
040 _aUA-OsUOA
_brus
_cUA-OsUOA
_dUA-OsUOA
041 _arus
044 _aRU
080 _a159.947
090 _a159.947
_bИ46
100 _aИльин Е. П.
245 _aМотивация и мотивы
260 _aСПб.
_bПитер
_c2004
300 _a509 с.
650 7 _a159.9 Психологія
_2UDC
942 _cBK
_2udc
955 _a2